[Event "Deutsche Ländermeisterschaft 2022"]
[Site "Wiesbaden GER"]
[Date "2022.10.01"]
[Round "2"]
[White "Wörz, Ann-Sophie"]
[Black "Pflugradt, Natalie"]
[Result "1-0"]
[Termination "normal"]
[Board "6.5"]
[WhiteElo "1607"]
[BlackElo "1518"]
[WhiteClock "00:23:14"]
[BlackClock "00:22:30"]
[WhiteTeam "Württemberg"]
[BlackTeam "Thüringen"]
[PlyCount "127"]
[WhiteFideId "16265890"]
[BlackFideId "16212444"]
[EventCountry "GER"]
[EventRounds "7"]
[EventType "team-swiss"]
[EventDate "2022.09.30"]

1. c4 {[%clk 01:30:58]} {[%emt 00:00:02]} e6 {[%clk 01:30:51]} {[%emt
00:00:09]} 2. g3 {[%clk 01:31:17]} {[%emt 00:00:12]} d5 {[%emt 00:00:14]} 3.
Bg2 {[%emt 00:01:01]} a6 {[%clk 01:28:47]} {[%emt 00:01:18]} 4. b3 {[%clk
01:31:06]} {[%emt 00:00:42]} Nf6 {[%clk 01:25:41]} {[%emt 00:03:36]} 5. Bb2
{[%clk 01:30:26]} {[%emt 00:01:09]} b6 {[%clk 01:20:09]} {[%emt 00:06:02]} 6.
Nf3 {[%clk 01:23:00]} {[%emt 00:07:57]} Bb7 {[%clk 01:16:56]} {[%emt 00:03:44]}
7. O-O {[%clk 01:20:49]} {[%emt 00:02:40]} Bd6 {[%clk 01:15:00]} {[%emt
00:02:26]} 8. d3 {[%clk 01:18:02]} {[%emt 00:03:17]} O-O {[%clk 01:14:15]}
{[%emt 00:01:15]} 9. Nbd2 {[%clk 01:16:17]} {[%emt 00:02:15]} Nbd7 {[%clk
01:12:03]} {[%emt 00:02:42]} 10. Rc1 {[%clk 01:14:14]} {[%emt 00:02:34]} c5
{[%clk 01:08:36]} {[%emt 00:03:57]} 11. cxd5 {[%clk 01:14:23]} {[%emt
00:00:21]} Nxd5 {[%clk 01:01:25]} {[%emt 00:07:41]} 12. d4 {[%clk 01:11:13]}
{[%emt 00:03:40]} Be7 {[%clk 00:50:33]} {[%emt 00:11:21]} 13. Nc4 {[%clk
01:08:29]} {[%emt 00:03:14]} Rc8 {[%clk 00:43:10]} {[%emt 00:07:53]} 14. Nce5
{[%clk 01:01:26]} {[%emt 00:07:33]} cxd4 {[%clk 00:39:12]} {[%emt 00:04:28]}
15. Rxc8 {[%clk 00:54:16]} {[%emt 00:07:40]} Qxc8 {[%clk 00:39:24]} {[%emt
00:00:18]} 16. Nxd7 {[%clk 00:53:07]} {[%emt 00:01:39]} Qxd7 {[%clk 00:39:49]}
{[%emt 00:00:05]} 17. Bxd4 {[%clk 00:53:14]} {[%emt 00:00:23]} Rd8 {[%clk
00:36:50]} {[%emt 00:03:28]} 18. Qa1 {[%clk 00:51:13]} {[%emt 00:02:31]} f6
{[%clk 00:31:49]} {[%emt 00:05:31]} 19. Nd2 {[%clk 00:46:03]} {[%emt 00:05:39]}
Nb4 {[%clk 00:24:55]} {[%emt 00:07:23]} 20. Bc3 {[%clk 00:39:05]} {[%emt
00:07:30]} Bxg2 {[%clk 00:24:26]} {[%emt 00:00:59]} 21. Kxg2 {[%clk 00:39:03]}
{[%emt 00:00:32]} Qc6+ {[%clk 00:24:22]} {[%emt 00:00:33]} 22. Kg1 {[%clk
00:38:27]} {[%emt 00:01:06]} Nxa2 {[%clk 00:23:26]} {[%emt 00:01:26]} 23. Bxf6
{[%clk 00:30:31]} {[%emt 00:08:27]} Bxf6 {[%clk 00:23:49]} {[%emt 00:00:07]}
24. Qxa2 {[%clk 00:30:53]} {[%emt 00:00:08]} b5 {[%clk 00:19:34]} {[%emt
00:04:44]} 25. Nf3 {[%clk 00:28:20]} {[%emt 00:03:03]} e5 {[%clk 00:17:44]}
{[%emt 00:02:21]} 26. b4+ {[%clk 00:22:56]} {[%emt 00:05:54]} Kf8 {[%clk
00:17:22]} {[%emt 00:00:52]} 27. Qb1 {[%clk 00:21:33]} {[%emt 00:01:53]} e4
{[%clk 00:14:01]} {[%emt 00:03:52]} 28. Rc1 {[%clk 00:19:40]} {[%emt 00:02:22]}
Qe6 {[%clk 00:11:03]} {[%emt 00:03:25]} 29. Ne1 {[%clk 00:19:27]} {[%emt
00:00:46]} Rd2 {[%clk 00:10:19]} {[%emt 00:01:13]} 30. Rc2 {[%clk 00:16:30]}
{[%emt 00:03:29]} e3 {[%clk 00:09:27]} {[%emt 00:01:21]} 31. f3 {[%clk
00:15:11]} {[%emt 00:01:48]} Qd7 {[%clk 00:07:42]} {[%emt 00:02:15]} 32. Nd3
{[%clk 00:13:58]} {[%emt 00:01:44]} Qd4 {[%clk 00:06:42]} {[%emt 00:01:30]} 33.
Kg2 {[%clk 00:08:41]} {[%emt 00:05:47]} Ke7 {[%clk 00:05:14]} {[%emt 00:01:59]}
34. Qc1 {[%clk 00:06:55]} {[%emt 00:02:16]} Rxc2 {[%clk 00:05:11]} {[%emt
00:00:33]} 35. Qxc2 {[%clk 00:07:24]} {[%emt 00:00:01]} Qc3 {[%clk 00:05:21]}
{[%emt 00:00:18]} 36. Qxc3 {[%clk 00:07:30]} {[%emt 00:00:25]} Bxc3 {[%clk
00:05:50]} 37. f4 {[%clk 00:07:33]} {[%emt 00:00:28]} Kd6 {[%clk 00:06:04]}
{[%emt 00:00:15]} 38. Kf3 {[%clk 00:07:33]} {[%emt 00:00:30]} Bd4 {[%clk
00:05:40]} {[%emt 00:00:53]} 39. Ke4 {[%clk 00:07:45]} {[%emt 00:00:20]} Bb6
{[%clk 00:04:56]} {[%emt 00:01:14]} 40. g4 {[%clk 00:07:35]} {[%emt 00:00:40]}
Ba7 {[%clk 00:01:46]} {[%emt 00:03:39]} 41. Ne1 {[%clk 00:06:47]} {[%emt
00:01:18]} Ke6 {[%clk 00:01:48]} {[%emt 00:00:29]} 42. Nc2 {[%clk 00:07:04]}
{[%emt 00:00:13]} g6 {[%clk 00:01:09]} {[%emt 00:01:09]} 43. Nxe3 {[%clk
00:05:57]} {[%emt 00:01:37]} Bb6 {[%clk 00:00:53]} {[%emt 00:00:45]} 44. Nd5
{[%clk 00:06:12]} {[%emt 00:00:15]} Bd8 {[%clk 00:00:36]} {[%emt 00:00:47]} 45.
h3 {[%clk 00:04:47]} {[%emt 00:01:55]} a5 {[%clk 00:29:58]} {[%emt 00:01:08]}
46. bxa5 {[%clk 00:34:18]} {[%emt 00:00:58]} Bxa5 {[%clk 00:30:24]} {[%emt
00:00:04]} 47. Kd4 {[%clk 00:33:34]} {[%emt 00:01:15]} Kd6 {[%clk 00:29:54]}
{[%emt 00:00:58]} 48. e4 {[%clk 00:33:18]} {[%emt 00:00:47]} Bd2 {[%clk
00:29:44]} {[%emt 00:00:39]} 49. f5 {[%clk 00:32:09]} {[%emt 00:01:41]} b4
{[%clk 00:28:53]} {[%emt 00:01:20]} 50. Kc4 {[%clk 00:31:49]} {[%emt 00:00:50]}
Ke5 {[%clk 00:28:38]} {[%emt 00:00:45]} 51. Kd3 {[%clk 00:28:39]} {[%emt
00:03:40]} Bg5 {[%clk 00:28:18]} {[%emt 00:00:47]} 52. Nxb4 {[%clk 00:27:26]}
{[%emt 00:01:47]} gxf5 {[%clk 00:28:02]} {[%emt 00:00:46]} 53. gxf5 {[%clk
00:25:54]} {[%emt 00:02:01]} Bf6 {[%clk 00:25:23]} {[%emt 00:03:09]} 54. Ke3
{[%clk 00:25:25]} {[%emt 00:00:59]} Bg5+ {[%clk 00:24:52]} {[%emt 00:01:01]}
55. Kf3 {[%clk 00:25:50]} {[%emt 00:00:04]} h5 {[%clk 00:25:11]} {[%emt
00:00:12]} 56. Nd3+ {[%clk 00:22:03]} {[%emt 00:04:17]} Kd4 {[%clk 00:24:09]}
{[%emt 00:01:31]} 57. Nf4 {[%clk 00:22:04]} {[%emt 00:00:30]} Ke5 {[%clk
00:24:17]} {[%emt 00:00:22]} 58. Nxh5 {[%clk 00:22:22]} {[%emt 00:00:13]} Be7
{[%clk 00:24:07]} {[%emt 00:00:35]} 59. Ng3 {[%clk 00:22:17]} {[%emt 00:00:40]}
Bd8 {[%clk 00:23:31]} {[%emt 00:01:06]} 60. Kg4 {[%clk 00:22:42]} {[%emt
00:00:05]} Kf6 {[%clk 00:22:32]} {[%emt 00:01:28]} 61. h4 {[%clk 00:22:52]}
{[%emt 00:00:20]} Bc7 {[%clk 00:22:23]} {[%emt 00:00:38]} 62. h5 {[%clk
00:22:59]} {[%emt 00:00:24]} Kg7 {[%clk 00:22:29]} {[%emt 00:00:24]} 63. Ne2
{[%clk 00:23:06]} {[%emt 00:00:23]} Be5 {[%clk 00:22:30]} {[%emt 00:00:28]} 64.
Nf4 {[%clk 00:23:14]} {[%emt 00:00:22]} 1-0

[Event "Deutsche Ländermeisterschaft 2022"]
[Site "Wiesbaden GER"]
[Date "2022.10.01"]
[Round "2"]
[White "Göpfert, Gregor"]
[Black "Wylie, Leonard"]
[Result "1/2-1/2"]
[Termination "normal"]
[Board "6.6"]
[WhiteElo "1480"]
[BlackElo "1721"]
[WhiteClock "00:27:31"]
[BlackClock "01:06:33"]
[WhiteTeam "Thüringen"]
[BlackTeam "Württemberg"]
[PlyCount "85"]
[WhiteFideId "34603964"]
[BlackFideId "479616"]
[EventCountry "GER"]
[EventRounds "7"]
[EventType "team-swiss"]
[EventDate "2022.09.30"]

1. e4 {[%clk 01:30:58]} {[%emt 00:00:01]} e6 {[%clk 01:30:55]} {[%emt
00:00:05]} 2. c4 {[%clk 01:31:23]} {[%emt 00:00:06]} d5 {[%clk 01:30:02]}
{[%emt 00:01:24]} 3. cxd5 {[%clk 01:31:47]} {[%emt 00:00:06]} exd5 {[%clk
01:30:25]} {[%emt 00:00:06]} 4. Qb3 {[%clk 01:32:10]} {[%emt 00:00:07]} Nf6
{[%clk 01:30:09]} {[%emt 00:00:47]} 5. exd5 {[%clk 01:21:51]} {[%emt 00:10:49]}
Qxd5 {[%emt 00:00:40]} 6. Qxd5 {[%clk 01:17:23]} {[%emt 00:04:57]} Nxd5 {[%clk
01:30:23]} {[%emt 00:00:06]} 7. Nf3 {[%clk 01:10:45]} {[%emt 00:07:08]} Bg4
{[%clk 01:29:09]} {[%emt 00:01:44]} 8. Ne5 {[%clk 01:09:42]} {[%emt 00:01:33]}
Be6 {[%clk 01:28:40]} {[%emt 00:00:58]} 9. a3 {[%clk 01:07:17]} {[%emt
00:02:56]} f6 {[%clk 01:27:17]} {[%emt 00:01:53]} 10. Nf3 {[%clk 01:06:39]}
{[%emt 00:01:08]} Nd7 {[%clk 01:26:57]} {[%emt 00:00:50]} 11. d4 {[%clk
01:06:31]} {[%emt 00:00:38]} O-O-O {[%clk 01:26:56]} {[%emt 00:00:31]} 12. Nc3
{[%clk 01:05:29]} {[%emt 00:01:32]} N7b6 {[%clk 01:26:30]} {[%emt 00:00:56]}
13. Be2 {[%clk 01:04:14]} {[%emt 00:01:45]} Bd6 {[%clk 01:25:30]} {[%emt
00:01:29]} 14. O-O {[%clk 01:02:48]} {[%emt 00:01:57]} Rhe8 {[%clk 01:25:31]}
{[%emt 00:00:29]} 15. Nb5 {[%clk 00:55:54]} {[%emt 00:07:24]} a6 {[%clk
01:24:58]} {[%emt 00:01:02]} 16. Nxd6+ {[%clk 00:56:16]} {[%emt 00:00:09]} Rxd6
{[%clk 01:25:19]} {[%emt 00:00:09]} 17. Bd2 {[%clk 00:55:28]} {[%emt 00:01:17]}
Na4 {[%clk 01:22:03]} {[%emt 00:03:47]} 18. b4 {[%clk 00:49:34]} {[%emt
00:06:22]} Bg4 {[%clk 01:17:14]} {[%emt 00:05:21]} 19. Rfe1 {[%clk 00:42:53]}
{[%emt 00:07:10]} Ndc3 {[%clk 01:15:46]} {[%emt 00:01:58]} 20. Bxc3 {[%clk
00:39:55]} {[%emt 00:03:30]} Nxc3 {[%clk 01:15:59]} {[%emt 00:00:17]} 21. Bd3
{[%clk 00:39:22]} {[%emt 00:01:02]} Rxe1+ {[%clk 01:15:58]} {[%emt 00:00:32]}
22. Rxe1 {[%clk 00:34:19]} {[%emt 00:05:33]} Bxf3 {[%clk 01:11:23]} {[%emt
00:05:05]} 23. gxf3 {[%clk 00:34:40]} {[%emt 00:00:09]} h6 {[%clk 01:11:43]}
{[%emt 00:00:10]} 24. Rc1 {[%clk 00:31:55]} {[%emt 00:03:13]} Nb5 {[%clk
01:11:30]} {[%emt 00:00:45]} 25. Bxb5 {[%clk 00:32:05]} {[%emt 00:00:20]} axb5
{[%clk 01:11:55]} {[%emt 00:00:05]} 26. Rd1 {[%clk 00:31:41]} {[%emt 00:00:53]}
Kd7 {[%clk 01:12:12]} {[%emt 00:00:13]} 27. Kf1 {[%clk 00:31:46]} {[%emt
00:00:25]} Ke6 {[%clk 01:12:23]} {[%emt 00:00:17]} 28. Ke2 {[%clk 00:32:06]}
{[%emt 00:00:12]} Kf5 {[%clk 01:11:24]} {[%emt 00:01:29]} 29. Rg1 {[%clk
00:31:03]} {[%emt 00:01:32]} g5 {[%clk 01:11:07]} {[%emt 00:00:48]} 30. Rg4
{[%clk 00:31:22]} {[%emt 00:00:11]} h5 {[%clk 01:10:36]} {[%emt 00:01:02]} 31.
Re4 {[%clk 00:31:43]} {[%emt 00:00:08]} Re6 {[%clk 01:08:19]} {[%emt 00:02:47]}
32. Ke3 {[%clk 00:31:18]} {[%emt 00:00:55]} c6 {[%clk 01:08:30]} {[%emt
00:00:19]} 33. h3 {[%clk 00:29:41]} {[%emt 00:02:06]} h4 {[%clk 01:08:23]}
{[%emt 00:00:38]} 34. Kd3 {[%clk 00:29:17]} {[%emt 00:00:54]} Rxe4 {[%clk
01:08:40]} {[%emt 00:00:13]} 35. fxe4+ {[%clk 00:29:30]} {[%emt 00:01:44]} Kf4
{[%clk 01:08:56]} 36. f3 {[%clk 00:29:00]} Kxf3 {[%clk 01:05:35]} {[%emt
00:03:38]} 37. e5 {[%clk 00:28:19]} {[%emt 00:01:11]} fxe5 {[%clk 01:05:51]}
{[%emt 00:00:13]} 38. dxe5 {[%clk 00:28:39]} {[%emt 00:00:10]} g4 {[%clk
01:06:15]} {[%emt 00:00:07]} 39. e6 {[%clk 00:27:47]} {[%emt 00:01:21]} g3
{[%clk 01:06:09]} {[%emt 00:00:36]} 40. e7 {[%clk 00:28:05]} {[%emt 00:00:12]}
g2 {[%clk 01:06:34]} {[%emt 00:00:04]} 41. e8=Q {[%clk 00:28:18]} {[%emt
00:00:18]} g1=Q {[%clk 01:06:56]} {[%emt 00:00:08]} 42. Qh5 {[%clk 00:27:31]}
{[%emt 00:01:18]} Kg3 {[%clk 01:06:33]} {[%emt 00:00:48]} 43. Qg4 {[%emt
00:01:44]} 1/2-1/2

[Event "Deutsche Ländermeisterschaft 2022"]
[Site "Wiesbaden GER"]
[Date "2022.10.01"]
[Round "2"]
[White "Dohon, Maria-Johanna"]
[Black "Ulrich, Helena Irene"]
[Result "0-1"]
[Termination "normal"]
[Board "6.7"]
[WhiteElo "1430"]
[BlackElo "1573"]
[WhiteClock "00:19:18"]
[BlackClock "00:28:58"]
[WhiteTeam "Württemberg"]
[BlackTeam "Thüringen"]
[PlyCount "90"]
[WhiteFideId "34600957"]
[BlackFideId "16256000"]
[EventCountry "GER"]
[EventRounds "7"]
[EventType "team-swiss"]
[EventDate "2022.09.30"]

1. e4 {[%clk 01:30:58]} {[%emt 00:00:01]} c5 {[%clk 01:30:56]} {[%emt
00:00:05]} 2. Nf3 {[%clk 01:31:20]} {[%emt 00:00:07]} Nc6 {[%clk 01:31:21]}
{[%emt 00:00:04]} 3. d4 {[%clk 01:31:35]} {[%emt 00:00:15]} cxd4 {[%clk
01:31:39]} {[%emt 00:00:13]} 4. Nxd4 {[%clk 01:31:58]} {[%emt 00:00:06]} Nf6
{[%clk 01:32:02]} {[%emt 00:00:08]} 5. Nc3 {[%clk 01:32:21]} {[%emt 00:00:07]}
e5 {[%clk 01:32:11]} {[%emt 00:00:21]} 6. Ndb5 {[%clk 01:32:44]} {[%emt
00:00:06]} d6 {[%clk 01:32:24]} {[%emt 00:00:18]} 7. Bg5 {[%clk 01:32:53]}
{[%emt 00:00:21]} a6 {[%clk 01:32:25]} {[%emt 00:00:29]} 8. Na3 {[%clk
01:33:16]} {[%emt 00:00:08]} b5 {[%clk 01:32:52]} {[%emt 00:00:02]} 9. Nd5
{[%clk 01:33:36]} {[%emt 00:00:10]} Be7 {[%clk 01:33:19]} {[%emt 00:00:03]} 10.
Bxf6 {[%clk 01:33:56]} {[%emt 00:00:09]} Bxf6 {[%clk 01:33:45]} {[%emt
00:00:04]} 11. c3 {[%clk 01:34:18]} {[%emt 00:00:08]} Bg5 {[%clk 01:32:56]}
{[%emt 00:01:21]} 12. Nc2 {[%clk 01:33:48]} {[%emt 00:01:00]} O-O {[%clk
01:33:01]} {[%emt 00:00:24]} 13. g3 {[%clk 01:32:15]} {[%emt 00:02:03]} Be6
{[%clk 01:27:07]} {[%emt 00:06:24]} 14. h4 {[%clk 01:29:11]} {[%emt 00:03:33]}
Bh6 {[%clk 01:21:23]} {[%emt 00:06:15]} 15. Bh3 {[%clk 01:18:57]} {[%emt
00:10:44]} Bxh3 {[%clk 01:01:22]} {[%emt 00:20:32]} 16. Rxh3 {[%clk 01:19:20]}
{[%emt 00:00:07]} Rb8 {[%clk 00:59:57]} {[%emt 00:01:55]} 17. g4 {[%clk
01:03:40]} {[%emt 00:16:10]} Bf4 {[%clk 00:48:55]} {[%emt 00:11:32]} 18. Qf3
{[%clk 00:55:24]} {[%emt 00:08:46]} Re8 {[%clk 00:47:44]} {[%emt 00:01:42]} 19.
g5 {[%clk 00:48:15]} {[%emt 00:07:38]} a5 {[%clk 00:40:56]} {[%emt 00:07:17]}
20. Qg4 {[%clk 00:39:05]} {[%emt 00:09:40]} Kh8 {[%clk 00:34:08]} {[%emt
00:07:20]} 21. a3 {[%clk 00:30:07]} {[%emt 00:09:27]} Qc8 {[%clk 00:18:51]}
{[%emt 00:15:45]} 22. Qxc8 {[%emt 00:05:16]} Rbxc8 {[%clk 00:18:28]} {[%emt
00:00:42]} 23. Rf3 {[%clk 00:22:47]} {[%emt 00:03:17]} Ne7 {[%clk 00:07:48]}
{[%emt 00:11:10]} 24. Rd1 {[%clk 00:15:55]} {[%emt 00:07:21]} Rc4 {[%clk
00:04:00]} {[%emt 00:04:18]} 25. Nxf4 {[%clk 00:11:46]} {[%emt 00:04:40]} exf4
{[%clk 00:04:23]} {[%emt 00:00:07]} 26. Rxd6 {[%clk 00:04:17]} {[%emt
00:07:59]} Rxe4+ {[%clk 00:04:18]} {[%emt 00:00:34]} 27. Kf1 {[%clk 00:04:20]}
{[%emt 00:00:27]} Nf5 {[%clk 00:03:02]} {[%emt 00:01:46]} 28. Rd7 {[%clk
00:02:23]} {[%emt 00:02:27]} Nxh4 {[%clk 00:02:19]} {[%emt 00:01:13]} 29. Rh3
{[%clk 00:01:47]} {[%emt 00:01:06]} Ng6 {[%clk 00:02:39]} {[%emt 00:00:10]} 30.
Rxf7 {[%clk 00:01:41]} {[%emt 00:00:35]} R4e7 {[%clk 00:02:22]} {[%emt
00:00:47]} 31. Rxe7 {[%clk 00:01:35]} {[%emt 00:00:36]} Rxe7 {[%clk 00:02:48]}
{[%emt 00:00:04]} 32. Rd3 {[%clk 00:01:54]} {[%emt 00:00:11]} Kg8 {[%clk
00:02:07]} {[%emt 00:01:11]} 33. Nd4 {[%clk 00:01:32]} {[%emt 00:00:52]} Rd7
{[%clk 00:00:49]} {[%emt 00:01:48]} 34. Rd2 {[%clk 00:00:54]} {[%emt 00:01:07]}
Rd5 {[%clk 00:00:42]} {[%emt 00:00:37]} 35. Re2 {[%clk 00:00:44]} {[%emt
00:00:40]} Rxg5 {[%clk 00:00:54]} {[%emt 00:00:19]} 36. Ne6 {[%clk 00:00:35]}
{[%emt 00:00:39]} Re5 {[%clk 00:00:47]} {[%emt 00:00:37]} 37. Rxe5 {[%clk
00:00:55]} {[%emt 00:00:10]} Nxe5 {[%clk 00:01:14]} {[%emt 00:00:03]} 38. Nxf4
{[%clk 00:00:48]} {[%emt 00:00:36]} Nc4 {[%clk 00:01:05]} {[%emt 00:00:39]} 39.
Nd3 {[%clk 00:00:59]} {[%emt 00:00:20]} Kf7 {[%clk 00:01:17]} {[%emt 00:00:19]}
40. Ke2 {[%clk 00:00:45]} {[%emt 00:00:44]} Ke6 {[%clk 00:01:04]} {[%emt
00:00:42]} 41. Kf3 {[%clk 00:28:28]} {[%emt 00:02:46]} Kf5 {[%clk 00:29:20]}
{[%emt 00:02:15]} 42. b4 {[%clk 00:24:30]} {[%emt 00:04:28]} a4 {[%clk
00:29:00]} {[%emt 00:00:50]} 43. Ke2 {[%clk 00:19:23]} {[%emt 00:05:38]} Nxa3
{[%clk 00:29:20]} {[%emt 00:00:10]} 44. Kd1 {[%clk 00:19:06]} {[%emt 00:00:47]}
Nc4 {[%clk 00:29:02]} {[%emt 00:00:48]} 45. Kc1 {[%clk 00:19:18]} {[%emt
00:00:18]} h5 {[%clk 00:28:58]} {[%emt 00:00:35]} 0-1

[Event "Deutsche Ländermeisterschaft 2022"]
[Site "Wiesbaden GER"]
[Date "2022.10.01"]
[Round "2"]
[White "Ignatova, Gabriela"]
[Black "Vasylenko, Nadeja"]
[Result "0-1"]
[Termination "normal"]
[Board "6.8"]
[WhiteElo "1099"]
[BlackElo "1261"]
[WhiteClock "00:39:07"]
[BlackClock "00:30:46"]
[WhiteTeam "Thüringen"]
[BlackTeam "Württemberg"]
[PlyCount "92"]
[WhiteFideId "34623698"]
[BlackFideId "34161457"]
[EventCountry "GER"]
[EventRounds "7"]
[EventType "team-swiss"]
[EventDate "2022.09.30"]

1. e4 {[%clk 01:30:57]} {[%emt 00:00:02]} e5 {[%clk 01:30:53]} {[%emt
00:00:08]} 2. Nf3 {[%clk 01:31:20]} {[%emt 00:00:07]} Nc6 {[%clk 01:31:16]}
{[%emt 00:00:07]} 3. Bc4 {[%clk 01:31:23]} {[%emt 00:00:26]} Bc5 {[%clk
01:31:36]} {[%emt 00:00:11]} 4. c3 {[%clk 01:31:11]} {[%emt 00:00:42]} Nf6
{[%clk 01:31:31]} {[%emt 00:00:35]} 5. d4 {[%clk 01:30:42]} {[%emt 00:00:59]}
exd4 {[%clk 01:31:22]} {[%emt 00:00:40]} 6. cxd4 {[%clk 01:30:42]} {[%emt
00:00:30]} Bb4+ {[%clk 01:31:12]} {[%emt 00:00:40]} 7. Bd2 {[%clk 01:30:06]}
{[%emt 00:01:04]} Bxd2+ {[%clk 01:31:00]} {[%emt 00:00:44]} 8. Nbxd2 {[%clk
01:30:05]} {[%emt 00:00:31]} d6 {[%clk 01:27:19]} {[%emt 00:04:10]} 9. d5
{[%clk 01:28:38]} {[%emt 00:01:56]} Ne7 {[%clk 01:25:53]} {[%emt 00:01:57]} 10.
O-O {[%clk 01:27:31]} {[%emt 00:01:36]} O-O {[%clk 01:24:55]} {[%emt 00:01:29]}
11. h3 {[%clk 01:26:37]} {[%emt 00:01:22]} Ng6 {[%clk 01:24:05]} {[%emt
00:01:22]} 12. Re1 {[%clk 01:25:17]} {[%emt 00:01:49]} Ne5 {[%clk 01:18:31]}
{[%emt 00:06:05]} 13. Nxe5 {[%clk 01:22:27]} {[%emt 00:03:19]} dxe5 {[%clk
01:18:49]} {[%emt 00:00:12]} 14. Nf3 {[%clk 01:21:42]} {[%emt 00:01:12]} Qe7
{[%clk 01:17:51]} {[%emt 00:01:31]} 15. Qb3 {[%clk 01:17:00]} {[%emt 00:05:10]}
Rd8 {[%clk 01:15:24]} {[%emt 00:02:57]} 16. Ng5 {[%clk 01:09:02]} {[%emt
00:08:29]} Qd6 {[%clk 01:05:29]} {[%emt 00:10:27]} 17. Rad1 {[%clk 01:05:36]}
{[%emt 00:03:55]} h6 {[%clk 01:05:15]} {[%emt 00:00:43]} 18. Ne6 {[%clk
01:05:32]} {[%emt 00:00:35]} Re8 {[%clk 00:57:59]} {[%emt 00:07:46]} 19. Bb5
{[%clk 01:03:02]} {[%emt 00:02:59]} Re7 {[%clk 00:57:23]} {[%emt 00:00:56]} 20.
Qc3 {[%clk 00:52:46]} {[%emt 00:10:58]} fxe6 {[%clk 00:52:54]} {[%emt
00:04:58]} 21. dxe6 {[%clk 00:52:27]} {[%emt 00:00:48]} Qb6 {[%clk 00:50:33]}
{[%emt 00:02:48]} 22. Rd8+ {[%clk 00:51:54]} {[%emt 00:01:06]} Kh7 {[%clk
00:49:51]} {[%emt 00:01:14]} 23. Qf3 {[%clk 00:47:24]} {[%emt 00:04:57]} Qxe6
{[%clk 00:44:11]} {[%emt 00:06:12]} 24. g4 {[%clk 00:43:48]} {[%emt 00:04:06]}
Qf7 {[%clk 00:34:58]} {[%emt 00:09:44]} 25. b3 {[%clk 00:43:34]} {[%emt
00:00:42]} Nd7 {[%clk 00:30:27]} {[%emt 00:05:03]} 26. Qxf7 {[%clk 00:41:04]}
{[%emt 00:03:00]} Rxf7 {[%clk 00:30:31]} {[%emt 00:00:26]} 27. Rd1 {[%clk
00:40:47]} {[%emt 00:00:46]} Nf6 {[%clk 00:29:36]} {[%emt 00:01:26]} 28. h4
{[%clk 00:40:35]} {[%emt 00:00:40]} c6 {[%clk 00:29:14]} {[%emt 00:00:54]} 29.
Bc4 {[%clk 00:40:05]} {[%emt 00:00:58]} Rd7 {[%clk 00:28:45]} {[%emt 00:01:00]}
30. R1xd7 {[%clk 00:40:04]} {[%emt 00:00:30]} Nxd7 {[%clk 00:28:20]} {[%emt
00:00:56]} 31. Be6 {[%clk 00:40:04]} {[%emt 00:00:29]} Nb6 {[%clk 00:28:20]}
{[%emt 00:00:31]} 32. Bxc8 {[%clk 00:38:38]} {[%emt 00:01:55]} Rxc8 {[%clk
00:28:39]} {[%emt 00:00:13]} 33. Rd6 {[%clk 00:38:34]} {[%emt 00:00:32]} Re8
{[%clk 00:28:40]} {[%emt 00:00:30]} 34. Kg2 {[%clk 00:38:45]} {[%emt 00:00:18]}
Re7 {[%clk 00:28:36]} {[%emt 00:00:35]} 35. Kg3 {[%clk 00:38:42]} {[%emt
00:00:34]} Rd7 {[%clk 00:28:13]} {[%emt 00:00:52]} 36. Rxd7 {[%clk 00:39:05]}
{[%emt 00:00:06]} Nxd7 {[%clk 00:28:35]} {[%emt 00:00:09]} 37. f4 {[%clk
00:39:27]} {[%emt 00:00:08]} Kg6 {[%clk 00:28:47]} {[%emt 00:00:18]} 38. h5+
{[%clk 00:39:11]} {[%emt 00:00:46]} Kf6 {[%clk 00:28:53]} {[%emt 00:00:23]} 39.
fxe5+ {[%clk 00:38:04]} {[%emt 00:01:38]} Kxe5 {[%clk 00:28:29]} {[%emt
00:00:54]} 40. Kh4 {[%clk 00:38:01]} {[%emt 00:00:33]} Kf4 {[%clk 00:28:36]}
{[%emt 00:00:22]} 41. g5 {[%clk 00:37:54]} {[%emt 00:00:38]} hxg5 {[%clk
00:28:58]} {[%emt 00:00:09]} 42. Kh3 {[%clk 00:38:16]} {[%emt 00:00:07]} Kf3
{[%clk 00:29:17]} {[%emt 00:00:12]} 43. Kh2 {[%clk 00:38:15]} {[%emt 00:00:31]}
g4 {[%clk 00:29:35]} {[%emt 00:00:11]} 44. a4 {[%clk 00:38:28]} {[%emt
00:00:17]} Kf2 {[%clk 00:29:55]} {[%emt 00:00:11]} 45. b4 {[%clk 00:38:46]}
{[%emt 00:00:11]} g3 {[%clk 00:30:20]} {[%emt 00:00:05]} 46. Kh1 {[%clk
00:39:07]} {[%emt 00:00:08]} g2+ {[%clk 00:30:46]} {[%emt 00:00:04]} 0-1